LEADER 01408nam 2200361 n 450 001 996385573403316 005 20221108104151.0 035 $a(CKB)1000000000606587 035 $a(EEBO)2248549085 035 $a(UnM)99851410 035 $a(EXLCZ)991000000000606587 100 $a19920401d1634 uy | 101 0 $aeng 135 $aurbn||||a|bb| 200 04$aThe rovvsing of the sluggard. Deliuered in seuen sermons$b[electronic resource] $eand published at the request of diuers godly and well affected By Mr. William Burton, Minister of the word of God, at Reading in Barke-shire 210 $aLondon $cPrinted by R. Raworth, for Ionah Man and are to be sold by T. Paine and Matt. Simmons, at his shop neere Mooregate$d1634 215 $a[8], 309, [1] p 300 $aA sermon. 300 $aAnother edition of: Burton, William. The rowsing of the sluggard, in 7. sermons. 300 $aIdentified as STC 4177a on UMI microfilm. 300 $aReproduction of the original in the Bodleian Library. 330 $aeebo-0014 606 $aSermons, English$y16th century 615 0$aSermons, English 700 $aBurton$b William$fd. 1616.$01001122 801 0$bCu-RivES 801 1$bCu-RivES 801 2$bCStRLIN 801 2$bWaOLN 906 $aBOOK 912 $a996385573403316 996 $aThe rovvsing of the sluggard. Deliuered in seuen sermons$92333874 997 $aUNISA